1199 1808 1815 1625 1956 1476 1839 1369 1422 1009 1018 1049 1007 1636 1480 1223 1444 1356 1142 1346 1430 1783 1715 1117 1150 1525 1279 1168 1828 1616 1823 1987 1871 1527 1323 1110 1695 1021 1045 1547 1266 1365 1647 1832 1336 1782 1287 1426 1111 1170 1826 1188 1173 1931 1348 1415 1550 1160 1313 1671 1440 1809 1220 1885 1188 1767 1335 1534 1163 1728 1943 1127 1923 1690 1279 1886 1812 1445 1930 1363 1384 1131 1084 1227 1130 1760 1097 1566 1174 1255 1615 1171 1836 1459 1947 1884 1953 1050 1680 BCNSPRNW ULIB Ver.6.0+V

เปลี่ยนเป็นภาษาไทย

Change to English
 แสดงรายละเอียดบรรณานุกรม
  กลับหน้าหลัก

Brief Record : Get Marc (ISO 2709) : E-mail record : QR code < ปิดหน้าต่าง
LEADER : 00000nam 2200000uu 4500
001    13399129194
003     ULIB
008    260511s2568||||th 000 0 tha d
020    ^a9786164221185
060  4 ^aWB100^bฟ129
245 0  ^aFrom guidelines to practice: ^bการอบรมระยะสั้นอายุรศาสตร์ในเวชปฏิบัติ ครั้งที่ 26 /^cบรรณาธิการ เนาวนิตย์ นาทา ... [และคนอื่น ๆ].
246 3  ^aการอบรมระยะสั้นอายุรศาสตร์ในเวชปฏิบัติ ครั้งที่ 26
260    ^aกรุงเทพฯ :^bโครงการตำราวิทยาลัยแพทยศาสตร์พระมงกุฎเกล้า,^c2568.
300    ^a560 หน้า
650  4 ^aการรักษาโรค.
650  4 ^aการวินิจฉัยโรค.
650  4 ^aอายุรศาสตร์.
655  4 ^aHealth Sciences Branch.
700 0  ^aกฤษณ์ อุปัชฌาย์,^eบรรณาธิการ.
700 0  ^aชัชวาล อึ้งธรรมคุณ,^eบรรณาธิการ.
700 0  ^aดุจรัตน์ สมบูรณ์วิบูลย์,^eบรรณาธิการ.
700 0  ^aเนาวนิตย์ นาทา,^eบรรณาธิการ.
700 0  ^aวิชัย ประยูรวิวัฒน์,^eบรรณาธิการ.
710 2  ^aโครงการตำราวิทยาลัยแพทยศาสตร์พระมงกุฎเกล้า.
999    ^aประนอม เกษจรัล
รายการนี้ยังไม่มีแท็ก
คุณยังไม่ได้ล็อกอิน คุณสามารถมีกิจกรรมร่วมกับเว็บไซต์ได้ แต่ต้องล็อกอินก่อน ::
  ล็อกอิน

รายการสื่อสารสนเทศ

ลำดับที่ ประเภท เลขเรียก/บาร์โค้ด สถานที่ สถานะ
1. วิทยาศาสตร์การแพทย์ และสุขภาพ
หนังสือสำรอง
สถานะ=หนังสือสำรอง
WB100 ฟ129 ฉ.1 
  Barcode: 012096
ห้องสมุดวิทยาเขตสวรรค์ประชารักษ์
►หนังสือทั่วไป
บนชั้น
2. วิทยาศาสตร์การแพทย์ และสุขภาพ
วิทยาศาสตร์การแพทย์ และสุขภาพ
WB100 ฟ129 ฉ.2 
  Barcode: 012097
ห้องสมุดวิทยาเขตสวรรค์ประชารักษ์
►หนังสือทั่วไป
บนชั้น
3. วิทยาศาสตร์การแพทย์ และสุขภาพ
วิทยาศาสตร์การแพทย์ และสุขภาพ
WB100 ฟ129 ฉ.3 
  Barcode: 012098
ห้องสมุดวิทยาเขตสวรรค์ประชารักษ์
►หนังสือทั่วไป
บนชั้น
4. วิทยาศาสตร์การแพทย์ และสุขภาพ
วิทยาศาสตร์การแพทย์ และสุขภาพ
WB100 ฟ129 ฉ.4 
  Barcode: 012099
ห้องสมุดวิทยาเขตสวรรค์ประชารักษ์
►หนังสือทั่วไป
บนชั้น
5. วิทยาศาสตร์การแพทย์ และสุขภาพ
วิทยาศาสตร์การแพทย์ และสุขภาพ
WB100 ฟ129 ฉ.5 
  Barcode: 012100
ห้องสมุดวิทยาเขตสวรรค์ประชารักษ์
►หนังสือทั่วไป
บนชั้น

รายการใกล้เคียง
    หัวเรื่อง [การรักษาโรค.]
    หัวเรื่อง [การวินิจฉัยโรค.]
    หัวเรื่อง [อายุรศาสตร์.]

BibComment


ยังไม่เคยถูกคอมเมนท์

คอมเมนท์ทรัพยากรรายการนี้
  คอมเมนท์: From guidelines ..


 Copyright 2026. Bcnsprnw @Library